Собрание сочинений. Т. 3, [полутом] 2: Т. 3 (Запись № 9948311)

Подробности
000 -МАРКЕР
контрольное поле 01553nam2a2200253 4500
001 - ИДЕНТИФИКАТОР ЗАПИСИ
контрольное поле RU\NLR\BIBL_A\010455380
005 - ИДЕНТИФИКАТОР ВЕРСИИ
контрольное поле 20250614054212.0
010 ## - МЕЖДУНАРОДНЫЙ СТАНДАРТНЫЙ НОМЕР КНИГИ (ISBN)
Номер (ISBN) 978-5-94668-130-8
Тираж 2000
021 ## - НОМЕР ГОСУДАРСТВЕННОЙ РЕГИСТРАЦИИ
Код страны Российская Федерация
Номер 2014-71561
Номер Листа государственной регистраци 4384
035 ## - ДРУГИЕ СИСТЕМНЫЕ НОМЕРА
Идентификатор записи (NLR Aleph) 010455380
100 ## - ДАННЫЕ ОБЩЕЙ ОБРАБОТКИ
Данные общей обработки 20131209d2014 |||y0rusy50 ca
101 0# - ЯЗЫК РЕСУРСА
Язык текста, звукозаписи и т.д. русский
102 ## - СТРАНА ПУБЛИКАЦИИ ИЛИ ПРОИЗВОДСТВА
Страна публикации Российская Федерация
105 ## - ПОЛЕ КОДИРОВАННЫХ ДАННЫХ: ТЕКСТОВЫЕ МАТЕРИАЛЫ, МОНОГРАФИЧЕСКИЕ
Кодированные данные о монографическом текстовом документе a|||z|||000ay
200 1# - ЗАГЛАВИЕ И СВЕДЕНИЯ ОБ ОТВЕТСТВЕННОСТИ
Основное заглавие Т. 3
Обозначение и номер части [полутом] 2
210 ## - ПУБЛИКАЦИЯ, РАСПРОСТРАНЕНИЕ И ДР.
Дата издания, распространения и т.д. 2014
Место издания, распространения и т.д. Б. м.
215 ## - ФИЗИЧЕСКАЯ ХАРАКТЕРИСТИКА
Специфическое обозначение материала и объем 634, [2] с.
Другие сведения о физической характеристике ил.
327 1# - ПРИМЕЧАНИЯ О СОДЕРЖАНИИ
Текст примечания Содерж.: Финал или увертюра; Кровавые дни: (историческая повесть из времен военных поселений); Венок из незабудок: (повесть); Семейная легенда рода дворян Лисиных: (историческая повесть); Рядовой Саватьев: рассказ; Лия; Сапожник и музыкант: рассказ; Силуэты
461 #0 - УРОВЕНЬ НАБОРА
Встроенное поле 001RU\NLR\bibl\1883645
-- 2000#$aСобрание сочинений$eв 3 т.$fФ.Ф. Тютчев$g[сост., вступ. ст.: Г. Чагина и др.]$vТ. 3, [полутом] 2
-- 700#1$3RU\NLR\auth\7774439$aТютчев$bФ. Ф.$f1860-1916$gФедор Федорович$4070
Системный номер (АБИС) связанной записи 2692033
Автор Тютчев, Ф. Ф. (1860-1916)
Место публикации Санкт-Петербург
Дата публикации 2011
Первые сведения об ответственности Ф.Ф. Тютчев
Имя издателя, распространителя и т.д. Росток
Сведения, относящиеся к заглавию в 3 т.
Заглавие Собрание сочинений
Номер тома Т. 3, [полутом] 2
942 ## - ДОПОЛНИТЕЛЬНЫЕ ЭЛЕМЕНТЫ ЗАПИСИ (АБИС)
Тип экземпляра АБИС Книга
980 ## - КОЛЛЕКЦИЯ
Название коллекции Национальная библиография
Экземпляры
Тип экземпляра Дата поступления Источник поступления Стоимость Библиотека постоянного хранения Библиотека текущего хранения Место хранения Шифр хранения Штрих-код Статус экземпляра
Книга 28.08.2014 Покупка 675.00 РНБ (Московский) РНБ (Московский) Фонд общего зала литературы по филологии, педагогике и искусству (гуманитарной литературы) Л1 Ш6(2=Р)5/Т-986 1-747251  
Книга 20.11.2014 Обязательный экземпляр   РНБ (Московский) РНБ (Московский) Русский книжный фонд: издания с 1957 года 2012-5/1065 1-720070  
Книга 20.11.2014 Обязательный экземпляр   РНБ (Московский) РНБ (Московский) Русский книжный фонд: издания с 1957 года 2012-5/1065 1-720071  
Книга 28.08.2014 Покупка 675.00 РНБ (Садовая) РНБ (Садовая) Универсальный читальный зал У Ш6(2=Р)/Т-986 1-747250  
Книга 28.08.2014   0.00 РНБ (Садовая) РНБ (Садовая) Фонд международного книгообмена   ERR-18903